2000 FAVOURITE FRENCH RECIPES (Record no. 8123)

MARC details
000 -LEADER
fixed length control field 00350nam a22001457a 4500
020 ## - INTERNATIONAL STANDARD BOOK NUMBER
International Standard Book Number 978-0-7537-1481-2
082 ## - DEWEY DECIMAL CLASSIFICATION NUMBER
Classification number 641.6
Item number ESC
100 ## - MAIN ENTRY--PERSONAL NAME
Personal name ESCOFFIER, AUGUSTE
245 ## - TITLE STATEMENT
Title 2000 FAVOURITE FRENCH RECIPES
260 ## - PUBLICATION, DISTRIBUTION, ETC. (IMPRINT)
Place of publication, distribution, etc LONDON
Name of publisher, distributor, etc HAMLYN PUBLISHER
Year of Publication 2007
300 ## - PAGE DESCRIPTION
No. of Pages 884
650 ## - SUBJECT ADDED ENTRY--TOPICAL TERM
Topical term or geographic name as entry element HOTEL MANAGEMENT
653 ## - KEYWORDS--INDEX TERM
Keyword term FRENCH RECIPES
942 ## - ADDED ENTRY ELEMENTS (KOHA)
Source of classification or shelving scheme Dewey Decimal Classification
Koha item type Books
Holdings
Withdrawn status Lost status Source of classification or shelving scheme Damaged status Not for loan Collection code Home library Current library Shelving location Date acquired Vendor Name Cost, normal purchase price SGTU Bill Number Total Checkouts Full call number Accession No. (Barcode) Date last seen Date last borrowed Bill Date Koha item type
    Dewey Decimal Classification   Not For Loan HOTEL MANAGEMENT SGT Science & Social Sciences Library SGT Science & Social Sciences Library Reference Book 13/10/2015 JINDAL BOOK SERVICE 1195.00 SGTU 1775 1 641.6 ESC HM656 12/06/2018 12/06/2018 07/09/2015 Books